000
00281 a2200109 4500
001
60747
082
_a
621.3192 HAY
100
_a
Hayt, W H
245
_a
Engineering Circuit Analysis, 5th Ed
_c
William Hayt
260
_a
NY
_b
MC Graw Hill
_c
1993
500
_a
BE textbook Avionics
942
_a
NUST-CAE
_k
621.3192 HAY
999
_c
295820
_d
295820